000 00930nam a2200217 a 4500
001 001191319
003 AM-YeHGA
005 20250617162458.0
008 161121s1909 ru a||||r|||||000|0|rus|d
040 _aAM-YeHGA
041 0 _arus
100 1 _aШавров, Николай Николаевич
_d1858-1915
245 1 0 _aЗначение разливов Аракса для кавказской рыбопромышленности и меры к их наилучшему использованию /
_cН. Шавров.
260 _aСанкт-Петербург :
_bТипо-лит. М.П. Фроловой,
_c1909.
300 _a58 с., 14 л. ил. ;
_c25 см.
650 1 4 _aГеоморфология
650 1 4 _aУчение о формах земной поверхности
650 1 4 _aРыбное хозяйство
650 1 4 _aРыбопромышленность
_zКавказ
090 _c493777
999 _c490405
_d490405